000 00736nam a22002057a 4500
999 _c17678
_d17678
003 AR-CdUCM
008 190509b ||||| |||| 00| 0 spa d
040 _aMUNICIPALIDAD PROVINCIAL DEL CUSCO
_cBIBLIOTECA MUNICIPAL DEL CUSCO
082 _a784.1 /
_bR56
100 _aRiemann, Hugo
_927410
245 _aCompendio de instrumentación /
260 _aMéxico :
_bEditora nacional,
_c1967.
300 _a174 páginas ;
_bIlustraciones,
_c17 cm.
505 _aContenido: Generalidades sobre acústica -- Instrumentos de cuerda -- Instrumentos de cuerdas punteadas o percutidas...
650 _aInstrumentos musicales
_95853
650 _aManuales
_95970
650 _aMúsica
_91443
942 _2ddc
_cLIBROS
945 _adavv
_d2019-05-09